Largest Countries A-Z - Statistics

General Stats
  • This quiz has been taken 35 times
  • The average score is 19 of 24
Answer Stats
Letter Country % Correct
A Australia
97%
C Canada
97%
B Brazil
94%
R Russia
94%
Z Zambia
94%
O Oman
90%
U United States of America
90%
Y Yemen
90%
F France
87%
I India
87%
Q Qatar
87%
J Japan
84%
K Kazakhstan
81%
G Germany
77%
V Venezuela
77%
M Mexico
74%
D Democratic Republic of the Congo
71%
N Niger
71%
E Ethiopia
68%
H Honduras
65%
P Peru
65%
L Libya
58%
S Saudi Arabia
58%
T Tanzania
55%
No matching quizzes found
Score Distribution
Percent of People with Each Score
Percentile by Number Answered
Your Score History
You have not taken this quiz